000 00681nam a2200217Ii 4500
003 JO-AjNU
008 230605s9999||||xx |||||||||||||| ||und||
017 _a2005/3/378
040 _aJO-AjNU
_bara
_erda
_cJO-AjNU
041 _aara
050 1 4 _aBP161.2 2005
100 3 _aتاليف الفتياني، خالد إبراهيم,
_eauthor
_923764
245 0 0 _aالثقافة الإسلامية لطلبة الجامعات
250 _aط1
264 3 1 _aعمان: المؤلف، 2005
300 _a272ص
336 _atext
_btxt
_2rdacontent
337 _aunmediated
_bn
_2rdamedia
338 _avolume
_bnc
_2rdacarrier
650 4 _aالثقافة الاسلامية
_923765
999 _aA8649
_c12217
_d12217